Everything Is Not What It Seems (Extended Version) Lyrics Quiz - Statistics

General Stats
  • This quiz has been taken 4 times
  • The average score is 264 of 381
Answer Stats
Lyrics % Correct
a
100%
'A'
100%
'B'
100%
But
100%
Everything
100%
everything
100%
everything's
100%
go
100%
I
100%
in
100%
In
100%
Is
100%
is
100%
it
100%
no
100%
not
100%
not...
100%
of
100%
see
100%
seems
100%
that
100%
the
100%
to
100%
What
100%
what
100%
all
75%
be
75%
Be
75%
bed
75%
book
75%
But
75%
but
75%
can
75%
could
75%
dreams
75%
fingers,
75%
from
75%
get
75%
if
75%
make
75%
might
75%
never
75%
on
75%
read
75%
report
75%
said
75%
snap
75%
That's
75%
that's
75%
want
75%
wanted
75%
When
75%
wildest
75%
write
75%
you
75%
You
75%
you'll
75%
your
75%
any
50%
are
50%
Because
50%
'Cause
50%
ease
50%
extremes
50%
find
50%
fix
50%
head
50%
into
50%
it'll
50%
know
50%
me
50%
mean
50%
out
50%
please
50%
problem
50%
run
50%
slightest
50%
trouble
50%
twenty-two
50%
with
50%
With
50%
Yes,
50%
always
25%
aware
25%
balance
25%
believe
25%
blue
25%
breeze
25%
by
25%
careful
25%
Careful
25%
catch
25%
do
25%
doesn't
25%
don't
25%
doubt
25%
end
25%
Even
25%
excuse
25%
gettin'
25%
girl
25%
gonna
25%
got
25%
have
25%
invisible
25%
it's
25%
It's
25%
Just
25%
justify
25%
kinda
25%
like
25%
lot
25%
means
25%
mess
25%
moon
25%
much
25%
my
25%
need
25%
Oh
25%
once
25%
only
25%
(O-oh!)
25%
O-oh
25%
opinion,
25%
other
25%
people
25%
point
25%
quick
25%
quo
25%
reality
25%
show
25%
simplest
25%
status
25%
strange
25%
There's
25%
things
25%
toe
25%
tricky
25%
true
25%
Uh-oh,
25%
understand,
25%
view
25%
way
25%
Well,
25%
whole
25%
who's
25%
will
25%
world
25%
you'd
25%
yourself
25%
No matching quizzes found
Score Distribution
Percent of People with Each Score
Percentile by Number Answered
Your Score History
You have not taken this quiz